00358nam a2200133 a 45000010010000000030011000100080041000210350026000620820016000881000019001042450046001232600024001696500031001930000-8738ELIB.Books110520 1978  a(ELIB.Books)0000-8884 a201.1 bLak aLak, Yeow Choo aTheology and Ministry in South East Asia. bLondon: SPCK c1978 aPhilosophy of Christianity